[Event "ESP-ch rapid"]
[Site "Linares"]
[Date "2019.08.24"]
[Round "7"]
[White "Centron Antuna, Daniel"]
[Black "De la Fuente Gonzalez, Francisco"]
[Result "1/2-1/2"]
[WhiteElo "2187"]
[BlackElo "2196"]
[PlyCount "113"]
[EventDate "2019.08.24"]
[EventType "swiss (rapid)"]
[EventRounds "9"]
[EventCountry "ESP"]
[SourceTitle "EXT 2020"]
[Source "ChessBase"]
[SourceDate "2019.10.17"]
[SourceVersion "1"]
[SourceVersionDate "2019.10.17"]
[SourceQuality "1"]

1. e4 c5 2. Nf3 e6 3. d4 cxd4 4. Nxd4 a6 5. Nc3 b5 6. Bd3 Bb7 7. 0-0 d6 8. a4 b4 9. Nb1 Nf6 10. Qe2 Be7 11. a5 0-0 12. Nd2 Nbd7 13. f4 Nc5 14. N4b3 d5 15. e5 Nfe4 16. Nxc5 Nxc5 17. f5 Nxd3 18. Qxd3 Bc5+ 19. Kh1 exf5 20. Nf3 g6 21. Bg5 Be7 22. Bh6 Re8 23. Nd4 Bg5 24. Nxf5 Rxe5 25. Bxg5 Qxg5 26. Nd6 Re7 27. Rae1 Rd8 28. Rxe7 Qxe7 29. Nxf7 Rf8 30. Nh6+ Kg7 31. Rxf8 Qxf8 32. Ng4 Qf4 33. h3 d4 34. Qc4 Qc1+ 35. Kh2 Qf4+ 36. Kg1 Qc1+ 37. Qf1 Qxf1+ 38. Kxf1 Be4 39. Ne5 Bxc2 40. Ke2 Be4 41. g3 Kf6 42. Nd7+ Ke7 43. Nc5 Bg2 44. Nxa6 Bxh3 45. Nxb4 Kd6 46. Nd3 Bf5 47. b4 Kc6 48. a6 Kb6 49. Nc5 Bc8 50. Kd3 Bxa6+ 51. Kxd4 h5 52. Ke5 g5 53. Nd7+ Kb5 54. Kf5 h4 55. gxh4 gxh4 56. Kg4 Kxb4 57. Kxh4 1/2-1/2

[Event "ESP-ch rapid"]
[Site "Linares"]
[Date "2019.08.24"]
[Round "6"]
[White "De la Fuente Gonzalez, Francisco"]
[Black "Fernandez Barrera, Victor"]
[Result "1/2-1/2"]
[WhiteElo "2196"]
[BlackElo "2301"]
[PlyCount "90"]
[EventDate "2019.08.24"]
[EventType "swiss (rapid)"]
[EventRounds "9"]
[EventCountry "ESP"]
[SourceTitle "EXT 2020"]
[Source "ChessBase"]
[SourceDate "2019.10.17"]
[SourceVersion "1"]
[SourceVersionDate "2019.10.17"]
[SourceQuality "1"]

1. c4 e5 2. Nc3 Nf6 3. g3 d5 4. cxd5 Nxd5 5. Bg2 Nb6 6. Nf3 Nc6 7. 0-0 Be7 8. a3 0-0 9. d3 Be6 10. b4 a5 11. b5 Nd4 12. Nd2 a4 13. Bxb7 Ra5 14. Rb1 Qe8 15. Nf3 Nxb5 16. Nxb5 Rxb5 17. Rxb5 Qxb5 18. Qc2 Bd6 19. Bc6 Qb3 20. Qb2 f6 21. Nd2 Qxb2 22. Bxb2 Rb8 23. Ne4 Nc4 24. Bc1 Nb6 25. Nc3 Bb3 26. Nb5 Nd5 27. Bxd5+ Bxd5 28. Nxd6 cxd6 29. f3 Rb3 30. Kf2 Kf7 31. Rd1 Be6 32. Rd2 Rc3 33. Bb2 Rc7 34. d4 Bb3 35. dxe5 dxe5 36. e4 h5 37. h4 Be6 38. Kg2 Rb7 39. Kf2 Rb3 40. Kg2 Bc8 41. Kf2 Bb7 42. Bc1 Ke6 43. Rb2 Rxb2+ 44. Bxb2 g5 45. Ke3 f5 1/2-1/2

[Event "Mostoles op 10th"]
[Site "Mostoles"]
[Date "2019.07.26"]
[Round "9"]
[White "De la Fuente Gonzalez, Francisco"]
[Black "Sanchez Garcia, Aurelio"]
[Result "1/2-1/2"]
[WhiteElo "2196"]
[BlackElo "2011"]
[PlyCount "119"]
[EventDate "2019.07.18"]
[EventType "swiss"]
[EventRounds "9"]
[EventCountry "ESP"]
[SourceTitle "EXT 2021"]
[Source "ChessBase"]
[SourceDate "2020.10.23"]
[SourceVersion "1"]
[SourceVersionDate "2020.10.23"]
[SourceQuality "1"]

1. d4 Nf6 2. Nf3 g6 3. g3 Bg7 4. Bg2 c5 5. d5 0-0 6. 0-0 d6 7. c4 e6 8. Nc3 exd5 9. cxd5 a6 10. a4 Re8 11. Re1 Ne4 12. Nxe4 Rxe4 13. Qc2 Re8 14. e4 Nd7 15. Bd2 b6 16. Bc3 Rb8 17. Bxg7 Kxg7 18. Qc3+ Qf6 19. Bh3 Ne5 20. Nxe5 Qxe5 21. Qxe5+ dxe5 22. Bxc8 Rexc8 23. f4 f6 24. Kf2 Kf7 25. Ke3 Ke7 26. Rec1 Kd6 27. Kd3 f5 28. exf5 gxf5 29. fxe5+ Kxd5 30. Rf1 Rf8 31. Rf4 Rbe8 32. Raf1 Rxe5 33. g4 Ke6 34. Kc4 Re2 35. gxf5+ Kf6 36. R1f2 Rxf2 37. Rxf2 Rd8 38. b3 Rd4+ 39. Kc3 Rd5 40. Kc4 Rd4+ 41. Kc3 b5 42. axb5 axb5 43. Rf3 Rh4 44. h3 Rh5 45. Rd3 Rxf5 46. Kd2 Ke6 47. Rg3 Kd5 48. Kd3 h5 49. h4 Ke5 50. Ke3 c4 51. bxc4 bxc4 52. Rg8 Kd6 53. Rc8 Rc5 54. Rxc5 Kxc5 55. Kd2 Kd4 56. Kc2 Ke3 57. Kc3 Kf3 58. Kxc4 Kg3 59. Kd3 Kxh4 60. Ke2 1/2-1/2

[Event "Mostoles op 10th"]
[Site "Mostoles"]
[Date "2019.07.19"]
[Round "2"]
[White "De la Fuente Gonzalez, Francisco"]
[Black "Camarero Izquierdo, Juan Carlos"]
[Result "1/2-1/2"]
[WhiteElo "2196"]
[BlackElo "1801"]
[PlyCount "85"]
[EventDate "2019.07.18"]
[EventType "swiss"]
[EventRounds "9"]
[EventCountry "ESP"]
[SourceTitle "EXT 2020"]
[Source "ChessBase"]
[SourceDate "2019.10.17"]
[SourceVersion "1"]
[SourceVersionDate "2019.10.17"]
[SourceQuality "1"]

1. Nf3 d5 2. d4 e6 3. c4 c6 4. e3 f5 5. Be2 Nf6 6. 0-0 Bd6 7. Ne5 0-0 8. b3 Ne4 9. f3 Ng5 10. Ba3 Rf6 11. Bxd6 Qxd6 12. Nc3 Nd7 13. c5 Nxc5 14. h4 Nf7 15. Nxf7 Rxf7 16. dxc5 Qxc5 17. Qd4 Qe7 18. g3 e5 19. Qd2 f4 20. Nxd5 cxd5 21. Qxd5 Kh8 22. Bc4 Rf8 23. exf4 exf4 24. Rfe1 Qf6 25. Qe5 Qb6+ 26. Kg2 fxg3 27. Qxg3 Bf5 28. Rad1 Rf6 29. h5 Qc5 30. Rd5 Qf8 31. Bd3 Bxd3 32. Rxd3 h6 33. Re5 Rd8 34. Rxd8 Qxd8 35. Qe1 Rf8 36. Qe3 b6 37. Re7 a5 38. Re5 Qf6 39. a4 Rc8 40. Re8+ Rxe8 41. Qxe8+ Kh7 42. Qe4+ Kh8 43. Qe8+ 1/2-1/2

[Event "Mostoles op 10th"]
[Site "Mostoles"]
[Date "2019.07.18"]
[Round "1"]
[White "Rubio Gonzalez, Beltran"]
[Black "De la Fuente Gonzalez, Francisco"]
[Result "0-1"]
[WhiteElo "1576"]
[BlackElo "2196"]
[PlyCount "72"]
[EventDate "2019.07.18"]
[EventType "swiss"]
[EventRounds "9"]
[EventCountry "ESP"]
[SourceTitle "EXT 2020"]
[Source "ChessBase"]
[SourceDate "2019.10.17"]
[SourceVersion "1"]
[SourceVersionDate "2019.10.17"]
[SourceQuality "1"]

1. d4 Nf6 2. Bf4 d5 3. e3 Bf5 4. c4 c6 5. Qb3 Qb6 6. Nc3 e6 7. c5 Qxb3 8. axb3 a6 9. b4 Nh5 10. Bc7 Kd7 11. Bb6 Be7 12. b5 cxb5 13. Bxb5+ Nc6 14. Ba4 g5 15. Nf3 f6 16. b4 g4 17. Nd2 Bd3 18. Nb3 Bc2 19. Ba5 f5 20. Kd2 Bxb3 21. Bxb3 f4 22. Rhf1 Bg5 23. Ba4 Raf8 24. Rae1 Rf7 25. g3 fxe3+ 26. fxe3 Rhf8 27. Rxf7+ Rxf7 28. Ke2 Rf3 29. Nd1 Nf6 30. Rf1 Rxf1 31. Kxf1 h5 32. Bc2 h4 33. Ke2 Nh5 34. Nc3 hxg3 35. hxg3 Nxa5 36. bxa5 Bd8 0-1

[Event "ESP-ch rapid"]
[Site "Linares"]
[Date "2018.08.19"]
[Round "7"]
[White "Hernandez Perez, Juan Carlos"]
[Black "De la Fuente Gonzalez, Francisco"]
[Result "1-0"]
[WhiteElo "1946"]
[BlackElo "2174"]
[PlyCount "69"]
[EventDate "2018.08.19"]
[EventType "swiss (rapid)"]
[EventRounds "9"]
[EventCountry "ESP"]
[SourceTitle "CBM 186 Extra"]
[Source "ChessBase"]
[SourceDate "2018.08.24"]
[SourceVersion "1"]
[SourceVersionDate "2018.08.24"]
[SourceQuality "1"]

1. e4 e5 2. Nf3 Nf6 3. Nc3 Bb4 4. Bc4 d6 5. 0-0 0-0 6. d3 Bg4 7. Bg5 c6 8. a3 Bxc3 9. bxc3 Nbd7 10. Re1 Nc5 11. d4 Ne6 12. Bxe6 fxe6 13. dxe5 Bxf3 14. Qxf3 dxe5 15. Red1 Qc7 16. Qe3 Rf7 17. f3 h6 18. Bh4 Nh5 19. Rd2 g5 20. Bf2 Nf4 21. Rad1 Qa5 22. c4 Kg7 23. h4 Kg6 24. Kh2 Raf8 25. Rd7 Qa4 26. Qc3 b6 27. R1d2 c5 28. Rxf7 Rxf7 29. Qxe5 Qxc4 30. Be3 a5 31. Rd6 Rf6 32. Rxb6 Nxg2 33. hxg5 Nxe3 34. Qxf6+ Kh5 35. Qxh6# 1-0

[Event "Mostoles op 9th"]
[Site "Mostoles"]
[Date "2018.07.20"]
[Round "4"]
[White "De la Fuente Gonzalez, Francisco"]
[Black "Camarero Izquierdo, Juan Carlos"]
[Result "0-1"]
[WhiteElo "2164"]
[BlackElo "1916"]
[PlyCount "88"]
[EventDate "2018.07.17"]
[EventType "swiss"]
[EventRounds "9"]
[EventCountry "ESP"]
[SourceTitle "CBM 186 Extra"]
[Source "ChessBase"]
[SourceDate "2018.08.24"]
[SourceVersion "1"]
[SourceVersionDate "2018.08.24"]
[SourceQuality "1"]

1. c4 e5 2. g3 Bc5 3. Bg2 d6 4. e3 Nc6 5. Ne2 Qf6 6. Nbc3 Bb6 7. Nd5 Qh6 8. h3 Nge7 9. d4 Nxd5 10. cxd5 Ne7 11. a4 Ba5+ 12. Kf1 0-0 13. Qc2 c6 14. e4 Qf6 15. dxc6 Nxc6 16. d5 Bb6 17. f3 Nd4 18. Qd3 Nxe2 19. Kxe2 Qg6 20. g4 f5 21. Be3 fxe4 22. Qxe4 Bf5 23. Qb4 Bd3+ 24. Kd2 Rac8 25. Rhc1 Bxe3+ 26. Kxe3 Qh6+ 27. f4 e4 28. Rf1 Bxf1 29. Rxf1 Rc2 30. Bxe4 Rh2 31. g5 Qxh3+ 32. Rf3 Qc8 33. Qxd6 Qc1+ 34. Kd4 Qxb2+ 35. Rc3 Qf2+ 36. Re3 Rxf4 37. Qe6+ Kh8 38. d6 Qb2+ 39. Rc3 Rd2+ 40. Kc4 Qa2+ 41. Rb3 Qxa4+ 42. Rb4 Rd4+ 43. Kxd4 Qxb4+ 44. Ke3 Rxe4+ 0-1

[Event "Mostoles op 9th"]
[Site "Mostoles"]
[Date "2018.07.19"]
[Round "3"]
[White "Pablos Tenrero, Raquel"]
[Black "De la Fuente Gonzalez, Francisco"]
[Result "1/2-1/2"]
[WhiteElo "1989"]
[BlackElo "2164"]
[PlyCount "109"]
[EventDate "2018.07.17"]
[EventType "swiss"]
[EventRounds "9"]
[EventCountry "ESP"]
[SourceTitle "CBM 186 Extra"]
[Source "ChessBase"]
[SourceDate "2018.08.24"]
[SourceVersion "1"]
[SourceVersionDate "2018.08.24"]
[SourceQuality "1"]

1. d4 d5 2. Nc3 Nf6 3. Bf4 Bf5 4. e3 e6 5. f3 Bd6 6. Bxd6 cxd6 7. g4 Bg6 8. h4 h6 9. Bd3 Bxd3 10. Qxd3 Nc6 11. Nge2 Qb6 12. 0-0-0 0-0-0 13. g5 Nd7 14. e4 dxe4 15. fxe4 Qa5 16. Qg3 hxg5 17. hxg5 Nb6 18. Rxh8 Rxh8 19. d5 exd5 20. Qg4+ Kb8 21. exd5 Ne5 22. Qd4 Nbc4 23. Rf1 Rh3 24. Nf4 Rh2 25. Nd3 Nxd3+ 26. Qxd3 Qb4 27. Nd1 Ne5 28. Qc3 Qe4 29. Nf2 Qf4+ 30. Qd2 Qxd2+ 31. Kxd2 Nf3+ 32. Ke3 Nxg5 33. Rg1 f6 34. Rg4 Kc7 35. a4 a5 36. c3 Kb6 37. b4 axb4 38. cxb4 Rh7 39. Kd4 Rh4 40. Rxh4 Nf3+ 41. Ke3 Nxh4 42. Ne4 Kc7 43. Kf4 Kd7 44. a5 Ng6+ 45. Ke3 Ne5 46. Kd4 Nf7 47. b5 Kc7 48. Ng3 g6 49. Ne4 f5 50. Nf6 g5 51. Ne8+ Kb8 52. Ng7 Nh6 53. Ne6 Nf7 54. Ng7 Nh6 55. Ne6 1/2-1/2

[Event "Mostoles op 9th"]
[Site "Mostoles"]
[Date "2018.07.18"]
[Round "2"]
[White "De la Fuente Gonzalez, Francisco"]
[Black "Sanchez Garcia, Manuel"]
[Result "1-0"]
[WhiteElo "2164"]
[BlackElo "1877"]
[PlyCount "24"]
[EventDate "2018.07.17"]
[EventType "swiss"]
[EventRounds "9"]
[EventCountry "ESP"]
[SourceTitle "CBM 186 Extra"]
[Source "ChessBase"]
[SourceDate "2018.08.24"]
[SourceVersion "1"]
[SourceVersionDate "2018.08.24"]
[SourceQuality "1"]

1. Nf3 Nf6 2. c4 g6 3. g3 Bg7 4. Bg2 0-0 5. 0-0 d6 6. Nc3 c5 7. d4 cxd4 8. Nxd4 a6 9. b3 Qc7 10. Bb2 Nc6 11. e4 Nxd4 12. Qxd4 Nd7 1-0

[Event "Madrid-ch final"]
[Site "Madrid"]
[Date "2018.05.26"]
[Round "1"]
[White "De la Fuente Gonzalez, Francisco"]
[Black "Cabanas Bravo, Juan Andres"]
[Result "1/2-1/2"]
[WhiteElo "2213"]
[BlackElo "1936"]
[PlyCount "86"]
[EventDate "2018.05.26"]
[EventType "swiss"]
[EventRounds "7"]
[EventCountry "ESP"]
[SourceTitle "CBM 184 Extra"]
[Source "ChessBase"]
[SourceDate "2018.06.28"]
[SourceVersion "1"]
[SourceVersionDate "2018.06.28"]
[SourceQuality "1"]

1. c4 Nf6 2. Nc3 d5 3. cxd5 Nxd5 4. Nf3 g6 5. e4 Nxc3 6. dxc3 Qxd1+ 7. Kxd1 f6 8. Be3 e5 9. Nd2 Be6 10. Bc4 Kf7 11. Kc2 Nd7 12. Bxe6+ Kxe6 13. Nb3 b6 14. Rhd1 Be7 15. a4 a5 16. Rd2 Rad8 17. Rad1 Nb8 18. f4 Rxd2+ 19. Rxd2 Rd8 20. fxe5 Rxd2+ 21. Kxd2 fxe5 22. Kd3 Kd7 23. Kc4 Kc6 24. Nc1 Nd7 25. b4 axb4 26. cxb4 Bd6 27. Ne2 Nf6 28. Nc3 Bf8 29. h3 h6 30. a5 bxa5 31. bxa5 Kb7 32. Bc5 Bg7 33. g4 c6 34. Be7 Nd7 35. Na4 Bf6 36. Bd6 Bd8 37. Kb4 h5 38. Nc5+ Nxc5 39. Kxc5 Bxa5 40. Bxe5 hxg4 41. hxg4 Bc7 42. Bd6 Bb6+ 43. Kc4 Kc8 1/2-1/2

[Event "Mostoles op 8th"]
[Site "Mostoles"]
[Date "2015.07.17"]
[Round "2"]
[White "De la Fuente Gonzalez, Francisco"]
[Black "Camarero Izquierdo, Juan Carlos"]
[Result "1-0"]
[WhiteElo "2155"]
[BlackElo "1949"]
[PlyCount "53"]
[EventDate "2015.07.16"]
[EventType "swiss"]
[EventRounds "9"]
[EventCountry "ESP"]
[SourceTitle "EXT 2016"]
[Source "ChessBase"]
[SourceDate "2015.10.08"]
[SourceVersion "1"]
[SourceVersionDate "2015.10.08"]
[SourceQuality "1"]

1. Nf3 d5 2. d4 Nc6 3. c4 Bg4 4. cxd5 Bxf3 5. dxc6 Bxc6 6. Nc3 e6 7. e4 Bb4 8. f3 Nf6 9. Bc4 Nh5 10. 0-0 Qh4 11. Qe1 Qe7 12. a3 Bxc3 13. Qxc3 0-0-0 14. b4 f5 15. b5 Be8 16. e5 f4 17. a4 Bf7 18. a5 Kb8 19. Ba3 Qd7 20. Bc5 g5 21. b6 cxb6 22. Bd6+ Ka8 23. axb6 a6 24. Bxa6 bxa6 25. Rxa6+ Kb7 26. Ra7+ Kxb6 27. Qc5# 1-0

[Event "Mostoles op 7th"]
[Site "Mostoles "]
[Date "2014.07.23"]
[Round "8"]
[White "De la Fuente Gonzalez, Francisco"]
[Black "Sanchez Naranjo, Jose Manuel"]
[Result "1/2-1/2"]
[WhiteElo "2213"]
[BlackElo "2133"]
[PlyCount "32"]
[EventDate "2014.07.16"]
[EventType "swiss"]
[EventRounds "9"]
[EventCountry "ESP"]
[SourceTitle "EXT 2015"]
[Source "ChessBase"]
[SourceDate "2014.11.20"]
[SourceVersion "1"]
[SourceVersionDate "2014.11.20"]
[SourceQuality "1"]

1. Nf3 Nf6 2. c4 g6 3. g3 Bg7 4. Bg2 0-0 5. 0-0 d6 6. Nc3 c6 7. e4 e5 8. Rb1 Bg4 9. h3 Be6 10. d3 a5 11. Ng5 Bd7 12. a3 h6 13. Nf3 Na6 14. b4 axb4 15. axb4 Nc7 16. Be3 Ne6 1/2-1/2

[Event "Mostoles op 7th"]
[Site "Mostoles "]
[Date "2014.07.21"]
[Round "6"]
[White "Cabanas Bravo, Juan Andres"]
[Black "De la Fuente Gonzalez, Francisco"]
[Result "0-1"]
[WhiteElo "2064"]
[BlackElo "2213"]
[PlyCount "64"]
[EventDate "2014.07.16"]
[EventType "swiss"]
[EventRounds "9"]
[EventCountry "ESP"]
[SourceTitle "EXT 2015"]
[Source "ChessBase"]
[SourceDate "2014.11.20"]
[SourceVersion "1"]
[SourceVersionDate "2014.11.20"]
[SourceQuality "1"]

1. e4 c5 2. Nf3 e6 3. d4 cxd4 4. Nxd4 a6 5. Nc3 Qc7 6. Be3 Nf6 7. f3 b5 8. Qd2 Bb7 9. 0-0-0 Bb4 10. Nde2 Nc6 11. a3 Be7 12. Bf4 Ne5 13. Qd4 d6 14. Kb1 Rc8 15. Nc1 0-0 16. N1a2 Rfd8 17. Be2 Nc4 18. Bxc4 Qxc4 19. Qa7 Qc7 20. Rd2 Nd7 21. Qf2 Nb6 22. Rhd1 Nc4 23. Rd3 Qa5 24. Nb4 d5 25. exd5 Bxb4 26. axb4 Qxb4 27. Bc1 Bxd5 28. Nxd5 exd5 29. Rxd5 Rxd5 30. Rxd5 Na3+ 31. Ka2 Qc4+ 32. Kxa3 Qa4# 0-1

[Event "Mostoles op 7th"]
[Site "Mostoles "]
[Date "2014.07.18"]
[Round "3"]
[White "Sanz Varea, Jose M"]
[Black "De la Fuente Gonzalez, Francisco"]
[Result "1/2-1/2"]
[WhiteElo "1892"]
[BlackElo "2213"]
[PlyCount "87"]
[EventDate "2014.07.16"]
[EventType "swiss"]
[EventRounds "9"]
[EventCountry "ESP"]
[SourceTitle "EXT 2015"]
[Source "ChessBase"]
[SourceDate "2014.11.20"]
[SourceVersion "1"]
[SourceVersionDate "2014.11.20"]
[SourceQuality "1"]

1. c4 c5 2. e4 Nc6 3. Nc3 g6 4. g3 Bg7 5. Bg2 d6 6. Nge2 Bg4 7. h3 Bd7 8. d3 Nd4 9. Be3 e6 10. Qd2 Ne7 11. Bg5 h6 12. Be3 Nec6 13. Nb5 Nxb5 14. cxb5 Nd4 15. Bxd4 cxd4 16. Qb4 Qb6 17. a4 0-0 18. 0-0 a6 19. Rfc1 Rfc8 20. a5 Qxb5 21. Qxd6 e5 22. f4 Rc6 23. Qd5 Rac8 24. Qxb5 Rxc1+ 25. Rxc1 Rxc1+ 26. Nxc1 Bxb5 27. Kf2 f6 28. Ke2 Bf8 29. Na2 Ba4 30. Bf3 Bd6 31. fxe5 fxe5 32. Bg4 Kf7 33. Bc8 Bc6 34. Kd2 Ke7 35. Kc2 Kd8 36. Be6 Bb5 37. Bf7 g5 38. b4 Bd7 39. g4 Ba4+ 40. Bb3 Be8 41. Bd5 Ba4+ 42. Bb3 Bb5 43. Bd5 Ba4+ 44. Bb3 1/2-1/2

[Event "Mostoles op 7th"]
[Site "Mostoles "]
[Date "2014.07.17"]
[Round "2"]
[White "De la Fuente Gonzalez, Francisco"]
[Black "Sotoca Aguado, Jose"]
[Result "1/2-1/2"]
[WhiteElo "2213"]
[BlackElo "1933"]
[PlyCount "95"]
[EventDate "2014.07.16"]
[EventType "swiss"]
[EventRounds "9"]
[EventCountry "ESP"]
[SourceTitle "EXT 2015"]
[Source "ChessBase"]
[SourceDate "2014.11.20"]
[SourceVersion "1"]
[SourceVersionDate "2014.11.20"]
[SourceQuality "1"]

1. Nf3 Nf6 2. d4 d5 3. Bf4 e6 4. e3 Bd6 5. Ne5 Bxe5 6. dxe5 Nfd7 7. Qg4 Kf8 8. Nc3 c6 9. Be2 b5 10. a3 a5 11. 0-0 Na6 12. Rfd1 b4 13. Na4 Nb6 14. axb4 Nxb4 15. c3 Na6 16. e4 Nxa4 17. Rxa4 Nc5 18. Rad4 Nb3 19. R4d3 h5 20. Qf3 Ba6 21. Re3 Bxe2 22. Rxe2 Rb8 23. exd5 cxd5 24. Be3 Qc7 25. Qf4 h4 26. h3 Rh5 27. Qg4 g6 28. Bg5 Rc8 29. Bxh4 Qc4 30. Qxc4 Rxc4 31. Bf6 Ke8 32. f3 Rf5 33. Re4 Rf4 34. Rxf4 Rxf4 35. Kf2 Ra4 36. Ke3 Ra2 37. Rb1 a4 38. g4 Na5 39. Kd2 Nc4+ 40. Kc1 Ne3 41. h4 Kf8 42. h5 gxh5 43. gxh5 Kg8 44. Bg5 Nc4 45. f4 Ne3 46. Be7 Kh7 47. Bf8 Nc4 48. h6 1/2-1/2